| 000 | 02471nam0a2200457 4500 | ||
|---|---|---|---|
| 001 | RU\NLR\bibl\1363163 | ||
| 005 | 20260406090406.0 | ||
| 010 |
_a978-5-8044-0955-6 _9300 |
||
| 021 |
_aRU _b2009-18087 _91073 |
||
| 035 | _a(nilc)RSL-KNO-004262026 | ||
| 035 | _a(NLR Aleph) 001355327 | ||
| 090 |
_a946976 _c946976 |
||
| 100 | _a20090311d2008 |||y0rusy50 ca | ||
| 101 | 0 |
_arus _deng |
|
| 102 | _aRU | ||
| 105 | _aab ||||||||| | ||
| 200 | 1 |
_aТрансграничные территории: проблемы устойчивого природопользования _dTrans-boundary territories: the problems of sustainable nature use _fП. Я. Бакланов, С. С. Ганзей _gРоссийская акад. наук, Дальневосточное отд-ние, Тихоокеанский ин-т географии _zeng |
|
| 210 |
_aВладивосток _cДальнаука _d2008 |
||
| 215 |
_a215 с. _cил., цв. ил., карт. _d22 |
||
| 300 | _aАвт. также на англ. яз.: P.Ya. Baklanov, S.S. Ganzey | ||
| 300 | _aРез. на англ. яз. | ||
| 320 | _aБиблиогр.: с. 202-213 | ||
| 510 | 1 |
_6z45790 _aTrans-boundary territories: the problems of sustainable nature use _zeng |
|
| 606 | 1 |
_aПограничные районы _xЭкономико-географические исследования _92535618 _3RU\NLR\auth\661501607 |
|
| 606 | 1 |
_aПограничные районы _xЭколого-географические исследования _92494452 _3RU\NLR\auth\661479852 |
|
| 610 | 2 | _aЭкономика -- Экономическая география -- Российская Федерация -- Природные ресурсы и их использование | |
| 686 |
_aУ049(2)1,0 _2rubbk |
||
| 686 | _aУ04(2)1(2Р55) | ||
| 686 | _aУ04(5Кит) | ||
| 686 | _aД820.4 | ||
| 700 | 1 |
_4340 _8rus _7ca _aБакланов _bП. Я. _f1946-2023 _gПетр Яковлевич _3RU\NLR\AUTH\7758072 _941004 |
|
| 701 | 1 |
_4070 _aГанзей _bС. С. _f1954-2011 _gСергей Степанович _9147526 _3RU\NLR\AUTH\770147562 |
|
| 790 | 1 |
_4070 _8rus _7ba _aBaklanov _bP. Ja. _f1946-2023 _gPetr Jakovlevič _3RU\NLR\AUTH\7758073 _941005 |
|
| 790 | 1 |
_6z45 _aGanzej _bS. S. _gSergej Stepanovic _4070 |
|
| 801 | 0 |
_aRU _bРГБ _c20090311 _grcr |
|
| 801 | 1 |
_aRU _bРГБ _c20090311 |
|
| 801 | 2 |
_aRU _bNLR _c20090430 _grcr |
|
| 942 | _cBOOK | ||
| 980 | _aNB | ||